The design of two-way slabs / (Record no. 546710)
[ view plain ]
| 000 -LEADER | |
|---|---|
| fixed length control field | 00842cam a2200193 a 4500 |
| 082 00 - DEWEY DECIMAL CLASSIFICATION NUMBER | |
| Classification number | 624.1772 |
| Author Mark | SCH |
| -- | N-01, P-89 |
| 245 04 - TITLE STATEMENT | |
| Title | The design of two-way slabs / |
| Statement of responsibility, etc. | editor, T.C Schaeffer. |
| 260 ## - PUBLICATION, DISTRIBUTION, ETC. | |
| Place of publication, distribution, etc. | Farmington Hills, Michigan : |
| Name of publisher, distributor, etc. | American Concrete Institute, |
| Date of publication, distribution, etc. | c1999. |
| 300 ## - PHYSICAL DESCRIPTION | |
| Extent | v, 183 p. : |
| Other physical details | ill. ; |
| Dimensions | 23 cm. |
| 490 1# - SERIES STATEMENT | |
| Series statement | Publication / ACI ; |
| 500 ## - GENERAL NOTE | |
| General note | "At ACI's 1996 fall convention in New Orleans, La., ACI-ASCE Joint Committee 421, Design of Reinforced Steel Slabs, sponsored two technical sessions"--P. iii. |
| 526 ## - STUDY PROGRAM INFORMATION NOTE | |
| Program name | 0 |
| Interest level | 0 |
| Reading level | 0 |
| Title point value | 624_177200000000000_SCH |
| 650 #0 - SUBJECT ADDED ENTRY--TOPICAL TERM | |
| Topical term or geographic name entry element | Concrete slabs |
| General subdivision | Design and construction. |
| 9 (RLIN) | 42888 |
| 650 #0 - SUBJECT ADDED ENTRY--TOPICAL TERM | |
| Topical term or geographic name entry element | MCE |
| 9 (RLIN) | 379 |
| 700 1# - ADDED ENTRY--PERSONAL NAME | |
| Personal name | Schaeffer, T. C. |
| 9 (RLIN) | 42889 |
| 710 2# - ADDED ENTRY--CORPORATE NAME | |
| Corporate name or jurisdiction name as entry element | ACI-ASCE Joint Committee 421, Design of Reinforced Slabs. |
| 9 (RLIN) | 42890 |
| 710 2# - ADDED ENTRY--CORPORATE NAME | |
| Corporate name or jurisdiction name as entry element | American Concrete Institute. |
| 9 (RLIN) | 37057 |
| 942 ## - ADDED ENTRY ELEMENTS (KOHA) | |
| Source of classification or shelving scheme | |
| Koha item type | Book |
| Withdrawn status | Lost status | Source of classification or shelving scheme | Damaged status | Not for loan | Permanent Location | Current Location | Date acquired | Total Checkouts | Full call number | Barcode | Date last seen | Price effective from | Koha item type |
|---|---|---|---|---|---|---|---|---|---|---|---|---|---|
| Military College of Engineering (MCE) | Military College of Engineering (MCE) | 06/18/2014 | 624.1772 SCH | MCE-36448 | 06/18/2014 | 06/18/2014 | Book |
